Tous les Pays du Monde sans les Voyelles - Statistiques

Statistiques générales
  • Ce quiz a été pris 103 fois
  • Le résultat moyen est 118 sur 196
Statistiques - réponses
Continent Pays sans Voyelles Réponse % Correct
Asie Chn Chine
100%
Asie Chpr Chypre
86%
Asie Vt Nm Viêt Nam
84%
Asie Thlnd Thaïlande
82%
Afrique Ghn Ghana
80%
Amérique du Sud Chl Chili
79%
Europe Ksv Kosovo
79%
Amérique du Nord Dmnq Dominique
78%
Asie Jrdn Jordanie
78%
Asie Kzkhstn Kazakhstan
78%
Europe Mnc Monaco
78%
Afrique Lb Libye
75%
Amérique du Sud Clmb Colombie
72%
Europe Frnc France
72%
Afrique Ngr Niger
72%
Asie Phlppns Philippines
71%
Asie Cr d Nrd Corée du Nord
70%
Europe Lxmbrg Luxembourg
70%
Afrique Mdgscr Madagascar
70%
Amérique du Nord Mxq Mexique
70%
Europe Nrvg Norvège
70%
Europe Ps-Bs Pays-Bas
70%
Europe Vtcn Vatican
70%
Asie Bngldsh Bangladesh
68%
Europe Blgq Belgique
68%
Afrique Cp-Vrt Cap-Vert
68%
Europe Dnmrk Danemark
68%
Europe Grc Grèce
68%
Amérique du Nord Jmq Jamaïque
68%
Afrique Mrtn Mauritanie
68%
Asie Pkstn Pakistan
68%
Amérique du Sud Prg Paraguay
68%
Europe Prtgl Portugal
68%
Asie Qtr Qatar
68%
Europe Rmn Roumanie
68%
Asie Sngpr Singapour
68%
Europe Slvq Slovaquie
68%
Amérique du Sud Vnzl Venezuela
68%
Amérique du Nord Bhms Bahamas
67%
Afrique Bnn Bénin
67%
Amérique du Sud Brsl Brésil
67%
Asie Cr d Sd Corée du Sud
67%
Europe Hngr Hongrie
67%
Asie Jpn Japon
67%
Asie Mngl Mongolie
67%
Europe Mntngr Monténégro
67%
Europe Plgn Pologne
67%
Europe Rss Russie
67%
Afrique Sngl Sénégal
67%
Afrique Tnzn Tanzanie
67%
Afrique Frq d Sd Afrique du Sud
66%
Asie Cmbdg Cambodge
66%
Océanie Fdj Fidji
66%
Europe Fnlnd Finlande
66%
Afrique Gbn Gabon
66%
Europe Mcdn d Nrd Macédoine du Nord
66%
Europe Mlt Malte
66%
Océanie Pps-Nvll-Gn Papouasie-Nouvelle-Guinée
66%
Afrique Rpblq Cntrfrcn République Centrafricaine
66%
Afrique Rpblq Dmcrtq d Cng République Démocratique du Congo
66%
Afrique Rpblq d Cng République du Congo
66%
Europe Srb Serbie
66%
Europe Slvn Slovénie
66%
Asie Twn Taïwan
66%
Afrique Tchd Tchad
66%
Asie Brmn Birmanie
64%
Amérique du Sud Blv Bolivie
64%
Afrique Btswn Botswana
64%
Amérique du Nord Cst Rc Costa Rica
64%
Afrique Ct d'Vr Côte d'Ivoire
64%
Afrique Djbt Djibouti
64%
Afrique Gmb Gambie
64%
Asie Grg Géorgie
64%
Amérique du Nord Gtml Guatemala
64%
Asie Npl Népal
64%
Océanie Nvll-Zlnd Nouvelle-Zélande
64%
Amérique du Nord Rpblq Dmncn République Dominicaine
64%
Afrique Rwnd Rwanda
64%
Amérique du Nord Snt-Chrstph-t-Nvs Saint-Christophe-et-Niévès
64%
Amérique du Nord Slvdr Salvador
64%
Asie Sr Lnk Sri Lanka
64%
Asie Trkmnstn Turkménistan
64%
Afrique Zmbbw Zimbabwe
64%
Asie Fghnstn Afghanistan
63%
Europe Blrss Biélorussie
63%
Europe Bsn-Hrzgvn Bosnie-Herzégovine
63%
Asie Kwt Koweït
63%
Europe Ltn Lituanie
63%
Asie Mldvs Maldives
63%
Afrique Mrc Maroc
63%
Afrique Nmb Namibie
63%
Afrique Ngr Nigeria
63%
Afrique Sdn d Sd Soudan du Sud
63%
Europe Sss Suisse
63%
Afrique Tg Togo
63%
Amérique du Sud Rgntn Argentine
62%
Europe Spgn Espagne
62%
Afrique Gpt Egypte
62%
Europe Lchtnstn Liechtenstein
62%
Afrique Mzmbq Mozambique
62%
Amérique du Nord Snt-Lc Sainte-Lucie
62%
Afrique S Tm-t-Prncp Sao Tomé-et-Principe
62%
Afrique Sdn Soudan
62%
Europe Tchq Tchéquie
62%
Asie Trq Turquie
62%
Afrique Zmb Zambie
62%
Europe Llmgn Allemagne
61%
Asie Zrbdjn Azerbaïdjan
61%
Amérique du Nord Cnd Canada
61%
Amérique du Nord Ht Haïti
61%
Afrique Lsth Lesotho
61%
Europe Mldv Moldavie
61%
Europe Snt-Mrn Saint-Marin
61%
Amérique du Nord Snt-Vncnt-t-ls-Grndns Saint-Vincent-et-les-Grenadines
61%
Amérique du Sud Srnm Suriname
61%
Afrique Brkn Fs Burkina Faso
59%
Océanie Ls Mrshll Îles Marshall
59%
Océanie Ls Slmn Îles Salomon
59%
Asie Krghzstn Kirghizistan
59%
Asie Mls Malaisie
59%
Amérique du Nord Ncrg Nicaragua
59%
Asie Zbkstn Ouzbékistan
59%
Amérique du Nord Pnm Panama
59%
Afrique Schlls Seychelles
59%
Asie Tdjkstn Tadjikistan
59%
Amérique du Nord Trnt-t-Tbg Trinité-et-Tobago
59%
Europe Crt Croatie
58%
Amérique du Nord Hndrs Honduras
58%
Amérique du Sud Pr Pérou
58%
Afrique Cmrs Comores
57%
Amérique du Sud Qtr Équateur
57%
Europe Slnd Islande
57%
Europe Lttn Lettonie
57%
Asie Lbn Liban
57%
Afrique Srr Ln Sierra Leone
57%
Océanie Tng Tonga
57%
Asie Rb Sdt Arabie Saoudite
55%
Océanie Strl Australie
55%
Asie Bhtn Bhoutan
55%
Europe Blgr Bulgarie
55%
Afrique Cmrn Cameroun
55%
Amérique du Nord Grnd Grenade
55%
Afrique Mlw Malawi
55%
Afrique Ml Mali
55%
Océanie Tvl Tuvalu
55%
Europe Trch Autriche
54%
Amérique du Nord Brbd Barbade
54%
Amérique du Nord Blz Belize
54%
Afrique Swtn Eswatini
54%
Afrique Kn Kenya
54%
Océanie Krbt Kiribati
54%
Asie Ls Laos
54%
Afrique Lbr Liberia
54%
Afrique Sml Somalie
54%
Afrique Brnd Burundi
53%
Afrique Gn-Bss Guinée-Bissau
53%
Europe Rlnd Irlande
53%
Océanie Vnt Vanuatu
53%
Asie Bhrn Bahreïn
51%
Europe Stn Estonie
50%
Amérique du Nord Tts-Ns États-Unis
50%
Amérique du Sud Gn Guyana
50%
Océanie Mcrns Micronésie
50%
Océanie Pls Palaos
50%
Asie Tmr Rntl Timor Oriental
50%
Europe Ndrr Andorre
49%
Amérique du Nord Cb Cuba
49%
Afrique Gn Guinée
49%
Océanie Nr Nauru
49%
Océanie Sm Samoa
49%
Europe Sd Suède
49%
Afrique Thp Éthiopie
47%
Afrique Gn Qtrl Guinée Équatoriale
47%
Asie Rk Irak
47%
Europe Tl Italie
47%
Europe Lbn Albanie
46%
Afrique Lgr Algérie
46%
Amérique du Nord Ntg-t-Brbd Antigua-et-Barbuda
46%
Afrique Rthr Érythrée
46%
Asie Brn Brunei
45%
Asie Mn Oman
45%
Europe Krn Ukraine
45%
Afrique Ngl Angola
43%
Asie Rn Iran
43%
Asie Rmn Arménie
42%
Asie Nd Inde
42%
Asie Srl Israël
42%
Europe Rm-N Royaume-Uni
42%
Asie Mrts Rbs Ns Émirats Arabes Unis
41%
Asie Sr Syrie
41%
Asie Ndns Indonésie
38%
Afrique Tns Tunisie
38%
Amérique du Sud Rg Uruguay
36%
Afrique Mrc Maurice
34%
Afrique Gnd Ouganda
32%
Asie Mn Yémen
30%
Aucun quiz correspondant
Distribution des résultats
% des personnes avec chaque résultat
Percentile par nombre de réponses
Votre historique - résultats
Vous n’avez pas pris ce quiz